<?xml version="1.0" encoding="UTF-8"?>
<marc:record xmlns:marc="http://www.loc.gov/MARC21/slim">
   <marc:leader>00000nam a2200000 a 4500</marc:leader>
   <marc:datafield ind1="1" ind2=" " tag="100">
      <marc:subfield code="a">Pehov, Alexey</marc:subfield>
      <marc:subfield code="4">aut</marc:subfield>
      <marc:subfield code="e">Verfasser/-in</marc:subfield>
   </marc:datafield>
   <marc:datafield ind1=" " ind2=" " tag="653">
      <marc:subfield code="a">Softcover / Belletristik/Fantasy</marc:subfield>
   </marc:datafield>
   <marc:datafield ind1="0" ind2="0" tag="245">
      <marc:subfield code="a">Wind</marc:subfield>
   </marc:datafield>
   <marc:datafield ind1="0" ind2="0" tag="245">
      <marc:subfield code="c">Alexey Pehov</marc:subfield>
   </marc:datafield>
   <marc:datafield ind1=" " ind2="1" tag="264">
      <marc:subfield code="b">Piper</marc:subfield>
      <marc:subfield code="c">2012</marc:subfield>
   </marc:datafield>
   <marc:datafield ind1="1" ind2=" " tag="520">
      <marc:subfield code="a">Angaben aus der Verlagsmeldung

Wind Die Chroniken von Hara 1 Iskateli vetra / von Alexey Pehov

Lahen ist eine Windsucherin, eine der wenigen, die jenen Funken noch in sich trägt. Doch sie und der Bogenschütze Ness werden verfolgt von den Verdammten, den Anhängern der schwarzen Magie, die sich Lahens Gabe bemächtigen wollen. Können Lahen und Ness verhindern, dass der dunkle Funke erneut entzündet und Hara ins Chaos gestürzt wird? Es beginnt ein Wettlauf um ihr Leben – und der Kampf um die Magie in ihrer Welt …
</marc:subfield>
   </marc:datafield>
   <marc:datafield ind1=" " ind2=" " tag="020">
      <marc:subfield code="a">9783492702584</marc:subfield>
      <marc:subfield code="9">9783492702584</marc:subfield>
   </marc:datafield>
   <marc:datafield ind1=" " ind2=" " tag="020">
      <marc:subfield code="a">3492702589</marc:subfield>
      <marc:subfield code="9">3492702589</marc:subfield>
   </marc:datafield>
   <marc:datafield ind1=" " ind2=" " tag="300">
      <marc:subfield code="a">474 S.</marc:subfield>
   </marc:datafield>
</marc:record>
